Biblioteca

Entre Sergei Rajmaninov y los evangélicos : (Registro nro. 53046)

Detalles MARC
000 -LÍDER
Campo fijo de descripción fija 010600000a22002050004500
001 - NÚMERO DE CONTROL
Campo de control 768714001
003 - IDENTIFICADOR DEL NÚMERO DE CONTROL
Campo de control CO-MdFUSB
005 - FECHA Y HORA DE LA ULTIMA TRANSACCIÓN
control field 20161118145126.0
008 - ELEMENTOS DE LONGITUD FIJA -- INFORMACIÓN GENERAL
Campo fijo de descripción fija -- Información general 161118s1995 cr ||||| |||| 00| 0 spa d
022 ## - NÚMERO INTERNACIONAL NORMALIZADO PARA PUBLICACIONES SERIADAS
Número Internacional Normalizado para Publicaciones Seriadas 1019-6366
040 ## - FUENTE DE CATALOGACIÓN
Agencia Catalogadora CO-MdFUSB
Idioma de catalogación spa
Agencia que realiza la transcripción CO-MdFUSB
Agencia que realiza la modificación CO-MdFUSB
041 ## - CÓDIGO DE IDIOMA
Código de idioma para texto/pista de sonido o título separado spa
100 1# - ASIENTO PRINCIPAL--NOMBRE PERSONAL
Nombre personal Prieto, Jaime
Término relacionador autor
245 10 - TÍTULO
Título Entre Sergei Rajmaninov y los evangélicos :
Subtitulo El peregrinaje de Ricardo Foulkes (1926-1995)
300 ## - DESCRIPCIÓN FÍSICA
Extensión Volumen 15, Número 1, (Julio, 1995), Páginas 7-22
Dimensiones 24 cm.
520 ## - NOTA DE RESUMEN, ETC.
Nota de sumario, etc. Para poder dibujar el retrato de Foulkes en su peregrinaje de casi setenta años, requeriríamos no solamente un mayor número de testimonios orales y de documentos escritos, sino también mucho más tiempo dedicado a la investigación. Por ello el presente ensayo no pretende en manera alguna concluir dicho retrato; es más bien un esfuerzo por empezar a trazar su perfil.
546 ## - NOTA DE IDIOMA
Nota de idioma Texto en Español
773 0# - ASIENTO DE ITEM FUENTE
Título Vida y pensamiento
Biblionumber 49445
Itemnumber 60232
Parte(s) relacionada(s) / Volumen., número. (mes año), páginas Volumen 15, Número 1, (Julio, 1995), Páginas 7-22
Enumeración y primera página Página 7
942 ## - TIPO DE MATERIAL (KOHA)
Tipo de Item KOHA Artículos de Revista
Existencias
Expurgo - (Retirado) Estado de Perdido Estado de Dañado No prestable Colección Ubicación habitual Ubicación actual Fecha de Adquisición Signatura Topográfica Tipo de Material
        Colección de Hemeroteca Biblioteca FUSBC Biblioteca FUSBC 26/01/2016 Artículos de Revista

Biblioteca FUSBC | Teléfono: (57+4) 349 88 10 Ext. 141| WhatsApp (+57) 3005338115 
E-mail: biblioteca@unisbc.edu.co | Calle 76 87-14 Robledo Palenque, Medellín, Colombia

Con tecnología Koha